[Event "2024 US National High School (K-12) Championship"]
[Site "Baltimore, Maryland, United States"]
[Date "2024.04.05"]
[Round "2.17"]
[White "Padhye, Rohan"]
[Black "Amaya, Brayan Angel"]
[Result "1-0"]
[TimeControl "G/90; d10"]
[WhiteFideId "30946034"]
[BlackFideId "39909646"]
[WhiteElo "2321"]
[BlackElo "2099"]

1. e4 {[%clk 01:29:21]} {[%emt 00:00:48]} c6 {[%clk 01:29:55]} {[%emt
00:00:16]} 2. d4 {[%clk 01:29:21]} {[%emt 00:00:04]} d5 {[%clk 01:29:55]}
{[%emt 00:00:05]} 3. exd5 {[%clk 01:29:21]} {[%emt 00:00:03]} cxd5 {[%clk
01:29:55]} {[%emt 00:00:07]} 4. Bd3 {[%clk 01:29:19]} {[%emt 00:00:09]} Nc6
{[%clk 01:29:49]} {[%emt 00:00:18]} 5. c3 {[%clk 01:29:19]} {[%emt 00:00:05]}
Qc7 {[%clk 01:29:49]} {[%emt 00:00:05]} 6. Ne2 {[%clk 01:29:19]} {[%emt
00:00:06]} Bg4 {[%clk 01:29:49]} {[%emt 00:00:05]} 7. O-O {[%clk 01:29:18]}
{[%emt 00:00:10]} e6 {[%clk 01:29:49]} {[%emt 00:00:06]} 8. Qe1 {[%clk
01:28:59]} {[%emt 00:00:29]} Nge7 {[%clk 01:28:12]} {[%emt 00:01:47]} 9. Bf4
{[%clk 01:16:55]} {[%emt 00:12:13]} Qd7 {[%clk 01:27:58]} {[%emt 00:00:25]} 10.
Ng3 {[%clk 01:03:14]} {[%emt 00:13:51]} Bf5 {[%clk 01:23:37]} {[%emt 00:04:31]}
11. Nxf5 {[%clk 01:00:50]} {[%emt 00:02:34]} exf5 {[%clk 01:23:37]} {[%emt
00:00:03]} 12. b4 {[%clk 00:59:47]} {[%emt 00:01:13]} f6 {[%clk 01:21:13]}
{[%emt 00:02:33]} 13. Bc1 {[%clk 00:56:28]} {[%emt 00:03:29]} a5 {[%clk
01:17:49]} {[%emt 00:03:35]} 14. b5 {[%clk 00:50:40]} {[%emt 00:05:58]} Nd8
{[%clk 01:17:49]} {[%emt 00:00:09]} 15. Qe2 {[%clk 00:45:52]} {[%emt 00:04:58]}
Kf7 {[%clk 01:17:40]} {[%emt 00:00:18]} 16. c4 {[%clk 00:43:30]} {[%emt
00:02:33]} dxc4 {[%clk 01:13:18]} {[%emt 00:04:32]} 17. Bxc4+ {[%clk 00:42:22]}
{[%emt 00:01:18]} Kg6 {[%clk 01:13:18]} {[%emt 00:00:08]} 18. Nd2 {[%clk
00:33:45]} {[%emt 00:08:48]} h6 {[%clk 01:06:21]} {[%emt 00:07:07]} 19. Nf3
{[%clk 00:33:34]} {[%emt 00:00:19]} Kh7 {[%clk 01:06:10]} {[%emt 00:00:20]} 20.
d5 {[%clk 00:32:46]} {[%emt 00:00:59]} Nc8 {[%clk 01:04:23]} {[%emt 00:01:57]}
21. Bb2 {[%clk 00:28:38]} {[%emt 00:04:18]} Bd6 {[%clk 00:55:46]} {[%emt
00:08:47]} 22. Bd3 {[%clk 00:25:34]} {[%emt 00:03:14]} Ne7 {[%clk 00:54:39]}
{[%emt 00:01:17]} 23. Nh4 {[%clk 00:24:01]} {[%emt 00:01:43]} Rf8 {[%clk
00:53:46]} {[%emt 00:01:03]} 24. Nxf5 {[%clk 00:20:03]} {[%emt 00:04:10]} Nxf5
{[%clk 00:53:28]} {[%emt 00:00:28]} 25. g4 {[%clk 00:20:03]} {[%emt 00:00:09]}
g6 {[%clk 00:52:43]} {[%emt 00:00:55]} 26. gxf5 {[%clk 00:20:03]} {[%emt
00:00:09]} g5 {[%clk 00:52:43]} {[%emt 00:00:03]} 27. Qh5 {[%clk 00:19:08]}
{[%emt 00:01:03]} Qg7 {[%clk 00:51:47]} {[%emt 00:01:07]} 28. Rfe1 {[%clk
00:14:53]} {[%emt 00:04:25]} Rc8 {[%clk 00:51:02]} {[%emt 00:00:55]} 29. Bd4
{[%clk 00:13:38]} {[%emt 00:01:24]} Rc7 {[%clk 00:48:33]} {[%emt 00:02:39]} 30.
b6 {[%clk 00:13:03]} {[%emt 00:00:45]} Rc8 {[%clk 00:46:32]} {[%emt 00:02:11]}
31. a4 {[%clk 00:12:05]} {[%emt 00:01:09]} Kg8 {[%clk 00:46:02]} {[%emt
00:00:40]} 32. Qg6 {[%clk 00:11:33]} {[%emt 00:00:42]} Be5 {[%clk 00:44:40]}
{[%emt 00:01:32]} 33. Bxe5 {[%clk 00:09:52]} {[%emt 00:01:52]} fxe5 {[%clk
00:44:35]} {[%emt 00:00:14]} 34. Rxe5 {[%clk 00:09:44]} {[%emt 00:00:17]} Rc5
{[%clk 00:43:15]} {[%emt 00:01:31]} 35. Re7 {[%clk 00:06:52]} {[%emt 00:03:02]}
Nf7 {[%clk 00:42:21]} {[%emt 00:01:05]} 36. Rxb7 {[%clk 00:06:10]} {[%emt
00:00:51]} Kh8 {[%clk 00:42:03]} {[%emt 00:00:27]} 37. f6 {[%clk 00:05:30]}
{[%emt 00:00:51]} Qxg6 {[%clk 00:42:03]} {[%emt 00:00:10]} 38. Bxg6 {[%clk
00:05:30]} {[%emt 00:00:03]} Ne5 {[%clk 00:41:57]} {[%emt 00:00:17]} 39. Rh7+
{[%clk 00:05:30]} {[%emt 00:00:06]} 1-0

[Event "2024 US National High School (K-12) Championship"]
[Site "Baltimore, Maryland, United States"]
[Date "2024.04.05"]
[Round "2.18"]
[White "Zong, Davis"]
[Black "Zhuang, Kyle"]
[Result "1/2-1/2"]
[TimeControl "G/90; d10"]
[WhiteTitle "FM"]
[WhiteFideId "30903955"]
[BlackFideId "30957486"]
[WhiteElo "2319"]
[BlackElo "2096"]

1. d4 {[%clk 01:30:00]} {[%emt 00:00:03]} Nf6 {[%clk 01:30:00]} {[%emt
00:00:05]} 2. c4 {[%clk 01:30:00]} {[%emt 00:00:03]} g6 {[%clk 01:30:00]}
{[%emt 00:00:04]} 3. Nc3 {[%clk 01:29:47]} {[%emt 00:00:23]} Bg7 {[%clk
01:30:00]} {[%emt 00:00:04]} 4. e4 {[%clk 01:29:47]} {[%emt 00:00:06]} d6
{[%clk 01:30:00]} {[%emt 00:00:03]} 5. Nf3 {[%clk 01:29:35]} {[%emt 00:00:23]}
O-O {[%clk 01:30:00]} {[%emt 00:00:05]} 6. Be2 {[%clk 01:29:35]} {[%emt
00:00:06]} e5 {[%clk 01:30:00]} {[%emt 00:00:06]} 7. O-O {[%clk 01:27:59]}
{[%emt 00:01:46]} Nc6 {[%clk 01:30:00]} {[%emt 00:00:05]} 8. d5 {[%clk
01:27:59]} {[%emt 00:00:09]} Ne7 {[%clk 01:30:00]} {[%emt 00:00:05]} 9. b4
{[%clk 01:27:58]} {[%emt 00:00:12]} Nd7 {[%clk 01:28:08]} {[%emt 00:02:03]} 10.
a4 {[%clk 01:20:26]} {[%emt 00:07:43]} f5 {[%clk 01:26:05]} {[%emt 00:02:10]}
11. Ba3 {[%clk 01:17:30]} {[%emt 00:03:07]} Nf6 {[%clk 01:22:01]} {[%emt
00:04:14]} 12. Nd2 {[%clk 01:13:28]} {[%emt 00:04:13]} fxe4 {[%clk 01:15:38]}
{[%emt 00:06:32]} 13. Ndxe4 {[%clk 01:10:18]} {[%emt 00:03:21]} Nf5 {[%clk
01:14:10]} {[%emt 00:01:38]} 14. Nxf6+ {[%clk 01:00:09]} {[%emt 00:10:19]} Bxf6
{[%clk 01:10:02]} {[%emt 00:04:18]} 15. Ne4 {[%clk 01:00:09]} {[%emt 00:00:07]}
Nd4 {[%clk 01:02:57]} {[%emt 00:07:15]} 16. Bg4 {[%clk 00:53:08]} {[%emt
00:07:12]} Bg7 {[%clk 01:01:58]} {[%emt 00:01:09]} 17. Bxc8 {[%clk 00:49:45]}
{[%emt 00:03:34]} Rxc8 {[%clk 01:01:09]} {[%emt 00:00:59]} 18. Bb2 {[%clk
00:45:11]} {[%emt 00:04:44]} Qh4 {[%clk 00:44:37]} {[%emt 00:16:42]} 19. Re1
{[%clk 00:33:22]} {[%emt 00:11:59]} c6 {[%clk 00:29:46]} {[%emt 00:15:01]} 20.
g3 {[%clk 00:20:38]} {[%emt 00:12:54]} Qe7 {[%clk 00:25:11]} {[%emt 00:04:45]}
21. Bxd4 {[%clk 00:17:43]} {[%emt 00:03:06]} exd4 {[%clk 00:25:11]} {[%emt
00:00:07]} 22. c5 {[%clk 00:11:27]} {[%emt 00:06:27]} dxc5 {[%clk 00:18:17]}
{[%emt 00:07:03]} 23. d6 {[%clk 00:11:27]} {[%emt 00:00:10]} Qf7 {[%clk
00:18:17]} {[%emt 00:00:05]} 24. bxc5 {[%clk 00:11:27]} {[%emt 00:00:04]} b6
{[%clk 00:17:44]} {[%emt 00:00:43]} 25. Rc1 {[%clk 00:07:54]} {[%emt 00:03:43]}
Qd5 {[%clk 00:16:04]} {[%emt 00:01:50]} 26. Qg4 {[%clk 00:06:40]} {[%emt
00:01:24]} Rce8 {[%clk 00:11:11]} {[%emt 00:05:03]} 27. a5 {[%clk 00:04:29]}
{[%emt 00:02:22]} bxc5 {[%clk 00:10:45]} {[%emt 00:00:35]} 28. d7 {[%clk
00:03:56]} {[%emt 00:00:43]} Re7 {[%clk 00:09:24]} {[%emt 00:01:30]} 29. Rxc5
{[%clk 00:02:36]} {[%emt 00:01:31]} Rxe4 {[%clk 00:06:34]} {[%emt 00:02:59]} 30.
Rxd5 {[%clk 00:02:14]} {[%emt 00:00:32]} Rxe1+ {[%clk 00:06:34]} {[%emt
00:00:06]} 31. Kg2 {[%clk 00:02:14]} cxd5 {[%clk 00:06:34]} {[%emt 00:00:09]}
32. Qg5 {[%clk 00:02:14]} {[%emt 00:00:02]} Bf6 {[%clk 00:06:15]} {[%emt
00:00:29]} 33. Qxf6 {[%clk 00:02:14]} {[%emt 00:00:02]} Rxf6 {[%clk 00:06:05]}
{[%emt 00:00:20]} 34. d8=Q+ {[%clk 00:02:14]} {[%emt 00:00:05]} Kg7 {[%clk
00:06:04]} {[%emt 00:00:10]} 35. Qxd5 {[%clk 00:01:52]} {[%emt 00:00:33]} Re2
{[%clk 00:05:39]} {[%emt 00:00:34]} 36. Qd7+ {[%clk 00:00:59]} {[%emt
00:01:03]} Rf7 {[%clk 00:03:02]} {[%emt 00:02:47]} 37. Qxd4+ {[%clk 00:00:59]}
{[%emt 00:00:02]} Kg8 {[%clk 00:03:01]} {[%emt 00:00:09]} 38. Qd8+ {[%clk
00:00:59]} {[%emt 00:00:09]} Kg7 {[%clk 00:03:01]} {[%emt 00:00:05]} 39. Qd4+
{[%clk 00:00:59]} {[%emt 00:00:03]} 1/2-1/2

[Event "2024 US National High School (K-12) Championship"]
[Site "Baltimore, Maryland, United States"]
[Date "2024.04.05"]
[Round "2.19"]
[White "Tran, Quan"]
[Black "Mou, Iris"]
[Result "1/2-1/2"]
[TimeControl "G/90; d10"]
[BlackTitle "WIM"]
[WhiteFideId "30996767"]
[BlackFideId "30939836"]
[WhiteElo "2095"]
[BlackElo "2307"]

1. d4 {[%clk 01:30:00]} {[%emt 00:00:02]} Nf6 {[%clk 01:29:49]} {[%emt
00:00:22]} 2. c4 {[%clk 01:30:00]} {[%emt 00:00:06]} e6 {[%clk 01:29:49]}
{[%emt 00:00:04]} 3. Nf3 {[%clk 01:30:00]} {[%emt 00:00:04]} d5 {[%clk
01:29:49]} {[%emt 00:00:06]} 4. Nc3 {[%clk 01:30:00]} {[%emt 00:00:05]} a6
{[%clk 01:29:49]} {[%emt 00:00:09]} 5. cxd5 {[%clk 01:27:37]} {[%emt 00:02:34]}
exd5 {[%clk 01:29:49]} {[%emt 00:00:06]} 6. Bf4 {[%clk 01:27:37]} {[%emt
00:00:09]} Bd6 {[%clk 01:27:33]} {[%emt 00:02:26]} 7. Bxd6 {[%clk 01:26:45]}
{[%emt 00:01:01]} Qxd6 {[%clk 01:27:33]} {[%emt 00:00:08]} 8. e3 {[%clk
01:26:26]} {[%emt 00:00:29]} Bg4 {[%clk 01:17:33]} {[%emt 00:10:10]} 9. Qa4+
{[%clk 01:24:35]} {[%emt 00:02:01]} c6 {[%clk 01:15:01]} {[%emt 00:02:41]} 10.
Ne5 {[%clk 01:23:57]} {[%emt 00:00:48]} Bf5 {[%clk 01:11:46]} {[%emt 00:03:25]}
11. Be2 {[%clk 01:19:48]} {[%emt 00:04:20]} O-O {[%clk 01:09:01]} {[%emt
00:02:53]} 12. O-O {[%clk 01:14:01]} {[%emt 00:05:58]} b5 {[%clk 01:03:50]}
{[%emt 00:05:22]} 13. Qd1 {[%clk 01:12:45]} {[%emt 00:01:26]} c5 {[%clk
01:01:22]} {[%emt 00:02:38]} 14. g4 {[%clk 01:07:46]} {[%emt 00:05:08]} Bc8
{[%clk 00:49:38]} {[%emt 00:11:54]} 15. f4 {[%clk 00:57:32]} {[%emt 00:10:24]}
Ne4 {[%clk 00:40:46]} {[%emt 00:09:02]} 16. Nxe4 {[%clk 00:48:15]} {[%emt
00:09:27]} dxe4 {[%clk 00:40:32]} {[%emt 00:00:24]} 17. Qc2 {[%clk 00:48:03]}
{[%emt 00:00:22]} Bb7 {[%clk 00:23:46]} {[%emt 00:16:56]} 18. Qxc5 {[%clk
00:47:07]} {[%emt 00:01:06]} Qxc5 {[%clk 00:21:40]} {[%emt 00:02:16]} 19. dxc5
{[%clk 00:47:07]} {[%emt 00:00:05]} f6 {[%clk 00:20:44]} {[%emt 00:01:07]} 20.
c6 {[%clk 00:47:07]} {[%emt 00:00:03]} Bxc6 {[%clk 00:18:02]} {[%emt 00:02:52]}
21. Nxc6 {[%clk 00:47:07]} {[%emt 00:00:09]} Nxc6 {[%clk 00:18:02]} {[%emt
00:00:04]} 22. Rfd1 {[%clk 00:46:41]} {[%emt 00:00:36]} Rfd8 {[%clk 00:16:39]}
{[%emt 00:01:33]} 23. a4 {[%clk 00:46:20]} {[%emt 00:00:31]} Rxd1+ {[%clk
00:13:27]} {[%emt 00:03:22]} 24. Bxd1 {[%clk 00:46:04]} {[%emt 00:00:26]} Re8
{[%clk 00:11:28]} {[%emt 00:02:09]} 25. axb5 {[%clk 00:43:35]} {[%emt
00:02:39]} axb5 {[%clk 00:11:28]} {[%emt 00:00:04]} 26. Ra6 {[%clk 00:43:34]}
{[%emt 00:00:11]} Nb4 {[%clk 00:10:31]} {[%emt 00:01:08]} 27. Rb6 {[%clk
00:42:53]} {[%emt 00:00:50]} Rc8 {[%clk 00:07:54]} {[%emt 00:02:47]} 28. Bb3+
{[%clk 00:42:13]} {[%emt 00:00:50]} Kf8 {[%clk 00:07:45]} {[%emt 00:00:19]} 29.
Rxb5 {[%clk 00:42:13]} {[%emt 00:00:09]} Nd3 {[%clk 00:07:07]} {[%emt
00:00:48]} 30. Bd5 {[%clk 00:41:40]} {[%emt 00:00:42]} Rc1+ {[%clk 00:06:29]}
{[%emt 00:00:49]} 31. Kg2 {[%clk 00:41:40]} {[%emt 00:00:05]} Rc2+ {[%clk
00:05:54]} {[%emt 00:00:45]} 32. Kg3 {[%clk 00:41:32]} {[%emt 00:00:17]} Re2
{[%clk 00:05:46]} {[%emt 00:00:20]} 33. Rb8+ {[%clk 00:38:22]} {[%emt
00:03:20]} 1/2-1/2

[Event "2024 US National High School (K-12) Championship"]
[Site "Baltimore, Maryland, United States"]
[Date "2024.04.05"]
[Round "2.20"]
[White "Reiss, Aiden"]
[Black "Raju, Yakshwag Reddy"]
[Result "1-0"]
[TimeControl "G/90; d10"]
[WhiteFideId "30955114"]
[BlackFideId "30986338"]
[WhiteElo "2287"]
[BlackElo "2091"]

1. e4 {[%clk 01:22:29]} {[%emt 00:07:40]} c5 {[%clk 01:29:38]} {[%emt
00:00:32]} 2. Nf3 {[%clk 01:22:23]} {[%emt 00:00:16]} Nc6 {[%clk 01:29:09]}
{[%emt 00:00:39]} 3. d4 {[%clk 01:21:35]} {[%emt 00:00:59]} cxd4 {[%clk
01:28:46]} {[%emt 00:00:32]} 4. Nxd4 {[%clk 01:21:35]} {[%emt 00:00:02]} Nf6
{[%clk 01:26:45]} {[%emt 00:02:11]} 5. Nc3 {[%clk 01:20:03]} {[%emt 00:01:42]}
e5 {[%clk 01:23:53]} {[%emt 00:03:02]} 6. Ndb5 {[%clk 01:19:50]} {[%emt
00:00:24]} d6 {[%clk 01:23:53]} {[%emt 00:00:08]} 7. Bg5 {[%clk 01:19:33]}
{[%emt 00:00:26]} a6 {[%clk 01:23:50]} {[%emt 00:00:14]} 8. Na3 {[%clk
01:19:33]} {[%emt 00:00:02]} b5 {[%clk 01:23:50]} {[%emt 00:00:09]} 9. Nd5
{[%clk 01:18:47]} {[%emt 00:00:55]} Be7 {[%clk 01:23:47]} {[%emt 00:00:15]} 10.
Bxf6 {[%clk 01:16:55]} {[%emt 00:02:01]} Bxf6 {[%clk 01:22:13]} {[%emt
00:01:44]} 11. c3 {[%clk 01:15:46]} {[%emt 00:01:19]} O-O {[%clk 01:20:39]}
{[%emt 00:01:45]} 12. Nc2 {[%clk 01:14:44]} {[%emt 00:01:10]} Rb8 {[%clk
01:20:39]} {[%emt 00:00:10]} 13. h4 {[%clk 01:14:44]} {[%emt 00:00:06]} g6
{[%clk 01:20:07]} {[%emt 00:00:41]} 14. g3 {[%clk 01:14:20]} {[%emt 00:00:34]}
Bg7 {[%clk 01:18:14]} {[%emt 00:02:02]} 15. h5 {[%clk 01:13:54]} {[%emt
00:00:37]} Be6 {[%clk 01:17:33]} {[%emt 00:00:50]} 16. Nce3 {[%clk 01:12:36]}
{[%emt 00:01:29]} Ne7 {[%clk 01:16:45]} {[%emt 00:00:58]} 17. Bh3 {[%clk
01:12:10]} {[%emt 00:00:35]} Nxd5 {[%clk 01:15:41]} {[%emt 00:01:14]} 18. Nxd5
{[%clk 01:12:10]} {[%emt 00:00:09]} Bxd5 {[%clk 01:14:46]} {[%emt 00:01:06]} 19.
Qxd5 {[%clk 01:12:07]} {[%emt 00:00:12]} Qg5 {[%clk 01:14:42]} {[%emt
00:00:12]} 20. hxg6 {[%clk 01:11:28]} {[%emt 00:00:51]} hxg6 {[%clk 01:14:09]}
{[%emt 00:00:42]} 21. O-O {[%clk 01:09:22]} {[%emt 00:02:16]} Rb6 {[%clk
01:09:54]} {[%emt 00:04:25]} 22. Kg2 {[%clk 01:09:05]} {[%emt 00:00:27]} Bh6
{[%clk 01:09:46]} {[%emt 00:00:18]} 23. Rad1 {[%clk 01:07:56]} {[%emt
00:01:19]} Kg7 {[%clk 01:08:29]} {[%emt 00:01:27]} 24. Rd3 {[%clk 01:05:55]}
{[%emt 00:02:11]} Kh7 {[%clk 00:56:01]} {[%emt 00:12:38]} 25. f4 {[%clk
01:02:59]} {[%emt 00:03:07]} exf4 {[%clk 00:53:52]} {[%emt 00:02:20]} 26. Qxg5
{[%clk 01:02:59]} {[%emt 00:00:02]} Bxg5 {[%clk 00:53:16]} {[%emt 00:00:46]} 27.
gxf4 {[%clk 01:02:59]} {[%emt 00:00:03]} Be7 {[%clk 00:51:22]} {[%emt
00:02:03]} 28. Rfd1 {[%clk 01:01:27]} {[%emt 00:01:42]} Rd8 {[%clk 00:50:12]}
{[%emt 00:01:21]} 29. Rd5 {[%clk 00:59:06]} {[%emt 00:02:31]} Rbb8 {[%clk
00:48:25]} {[%emt 00:01:56]} 30. Kf3 {[%clk 00:58:39]} {[%emt 00:00:38]} Kg7
{[%clk 00:48:04]} {[%emt 00:00:29]} 31. a3 {[%clk 00:57:12]} {[%emt 00:01:38]}
Rh8 {[%clk 00:46:15]} {[%emt 00:01:58]} 32. Bg2 {[%clk 00:56:36]} {[%emt
00:00:47]} Rhd8 {[%clk 00:44:21]} {[%emt 00:02:05]} 33. Rc1 {[%clk 00:54:34]}
{[%emt 00:02:12]} Rb6 {[%clk 00:43:20]} {[%emt 00:01:10]} 34. Bf1 {[%clk
00:50:51]} {[%emt 00:03:53]} Rbb8 {[%clk 00:39:44]} {[%emt 00:03:46]} 35. b4
{[%clk 00:44:10]} {[%emt 00:06:51]} Rdc8 {[%clk 00:36:36]} {[%emt 00:03:18]} 36.
Ke3 {[%clk 00:38:30]} {[%emt 00:05:50]} Rc6 {[%clk 00:32:53]} {[%emt 00:03:53]}
37. Rc2 {[%clk 00:33:36]} {[%emt 00:05:05]} Rbc8 {[%clk 00:32:34]} {[%emt
00:00:28]} 38. Kd4 {[%clk 00:31:50]} {[%emt 00:01:56]} Bh4 {[%clk 00:31:28]}
{[%emt 00:01:13]} 39. c4 {[%clk 00:29:08]} {[%emt 00:02:56]} Bg3 {[%clk
00:30:21]} {[%emt 00:01:16]} 40. e5 {[%clk 00:28:26]} {[%emt 00:00:53]} Bxf4
{[%clk 00:30:20]} {[%emt 00:00:09]} 41. exd6 {[%clk 00:28:18]} {[%emt
00:00:19]} Bxd6 {[%clk 00:28:14]} {[%emt 00:02:15]} 42. c5 {[%clk 00:28:09]}
{[%emt 00:00:20]} Be7 {[%clk 00:28:10]} {[%emt 00:00:13]} 43. Bg2 {[%clk
00:24:42]} {[%emt 00:03:36]} Re8 {[%clk 00:24:54]} {[%emt 00:03:27]} 44. Kd3
{[%clk 00:22:36]} {[%emt 00:02:18]} Re6 {[%clk 00:22:28]} {[%emt 00:02:34]} 45.
Bh3 {[%clk 00:20:40]} {[%emt 00:01:56]} f5 {[%clk 00:19:04]} {[%emt 00:03:44]}
46. Rd7 {[%clk 00:17:33]} {[%emt 00:03:19]} Kf8 {[%clk 00:18:55]} {[%emt
00:00:18]} 47. Kd4 {[%clk 00:15:33]} {[%emt 00:02:10]} Bf6+ {[%clk 00:17:36]}
{[%emt 00:01:29]} 48. Kd5 {[%clk 00:15:04]} {[%emt 00:00:38]} Re3 {[%clk
00:17:36]} {[%emt 00:00:07]} 49. Bf1 {[%clk 00:13:44]} {[%emt 00:01:00]} R8e6
{[%clk 00:17:27]} {[%emt 00:00:45]} 50. Rd6 {[%clk 00:10:29]} {[%emt 00:03:28]}
R3e5+ {[%clk 00:17:03]} {[%emt 00:00:35]} 51. Kc6 {[%clk 00:10:29]} {[%emt
00:00:08]} Ke7 {[%clk 00:14:32]} {[%emt 00:02:40]} 52. a4 {[%clk 00:10:13]}
{[%emt 00:00:27]} bxa4 {[%clk 00:13:07]} {[%emt 00:01:36]} 53. Bxa6 {[%clk
00:09:40]} {[%emt 00:00:42]} a3 {[%clk 00:12:40]} {[%emt 00:00:36]} 54. Bc4
{[%clk 00:09:05]} {[%emt 00:00:45]} Rxd6+ {[%clk 00:12:32]} {[%emt 00:00:19]}
55. cxd6+ {[%clk 00:09:05]} {[%emt 00:00:02]} Kd8 {[%clk 00:12:32]} {[%emt
00:00:02]} 56. b5 {[%clk 00:08:46]} {[%emt 00:00:30]} Re3 {[%clk 00:12:01]}
{[%emt 00:00:40]} 57. b6 {[%clk 00:07:29]} {[%emt 00:01:27]} Bd4 {[%clk
00:12:01]} {[%emt 00:00:09]} 58. b7 {[%clk 00:07:15]} {[%emt 00:00:24]} Ba7
{[%clk 00:12:01]} {[%emt 00:00:07]} 59. Rh2 {[%clk 00:06:35]} {[%emt 00:00:50]}
Re8 {[%clk 00:11:17]} {[%emt 00:00:54]} 60. Rh7 {[%clk 00:06:25]} {[%emt
00:00:21]} Re5 {[%clk 00:09:52]} {[%emt 00:01:34]} 61. d7 {[%clk 00:05:26]}
{[%emt 00:01:10]} 1-0

[Event "2024 US National High School (K-12) Championship"]
[Site "Baltimore, Maryland, United States"]
[Date "2024.04.05"]
[Round "2.21"]
[White "Vural, Tayga"]
[Black "Waxberg, Jason"]
[Result "1/2-1/2"]
[TimeControl "G/90; d10"]
[WhiteElo "1671"]
[BlackElo "1860"]

1. e4 {[%clk 01:30:00]} {[%emt 00:00:06]} c5 {[%clk 01:30:00]} {[%emt
00:00:11]} 2. Nc3 {[%clk 01:30:00]} d6 {[%clk 01:30:00]} {[%emt 00:00:07]} 3.
d4 {[%clk 01:30:00]} {[%emt 00:00:03]} cxd4 {[%clk 01:30:00]} {[%emt 00:00:04]}
4. Qxd4 {[%clk 01:30:00]} {[%emt 00:00:10]} Nc6 {[%clk 01:30:00]} {[%emt
00:00:04]} 5. Qd2 {[%clk 01:29:57]} {[%emt 00:00:05]} g6 {[%clk 01:30:00]}
{[%emt 00:00:10]} 6. b3 {[%clk 01:29:20]} {[%emt 00:00:44]} Bh6 {[%clk
01:30:00]} {[%emt 00:00:09]} 7. f4 {[%clk 01:28:49]} {[%emt 00:01:03]} e5
{[%clk 01:30:00]} {[%emt 00:00:03]} 8. g3 {[%clk 01:24:09]} {[%emt 00:04:24]}
exf4 {[%clk 01:29:09]} {[%emt 00:01:01]} 9. gxf4 {[%clk 01:23:34]} {[%emt
00:00:45]} Qh4+ {[%clk 01:28:12]} {[%emt 00:01:08]} 10. Qf2 {[%clk 01:21:55]}
{[%emt 00:01:49]} Qxf2+ {[%clk 01:28:12]} {[%emt 00:00:41]} 11. Kxf2 {[%clk
01:21:55]} Nf6 {[%clk 01:28:11]} 12. Bd3 {[%clk 01:14:15]} {[%emt 00:07:48]}
O-O {[%clk 01:27:33]} {[%emt 00:00:37]} 13. Nge2 {[%clk 01:11:04]} {[%emt
00:03:20]} Nb4 {[%clk 01:22:27]} {[%emt 00:05:14]} 14. Ba3 {[%clk 01:01:04]}
{[%emt 00:10:14]} Nxd3+ {[%clk 01:22:03]} {[%emt 00:00:31]} 15. cxd3 {[%clk
01:01:04]} {[%emt 00:00:23]} Rd8 {[%clk 01:21:57]} {[%emt 00:00:08]} 16. Nb5
{[%clk 00:57:10]} {[%emt 00:03:51]} Bg7 {[%clk 01:18:24]} {[%emt 00:03:48]} 17.
Rac1 {[%clk 00:53:29]} {[%emt 00:03:47]} d5 {[%clk 01:16:50]} {[%emt 00:01:47]}
18. e5 {[%clk 00:45:47]} {[%emt 00:07:54]} Ng4+ {[%clk 01:13:46]} {[%emt
00:03:14]} 19. Kf3 {[%clk 00:40:58]} {[%emt 00:05:27]} Bf5 {[%clk 01:11:30]}
{[%emt 00:01:55]} 20. Rcd1 {[%clk 00:39:45]} {[%emt 00:01:17]} Nh6 {[%clk
01:10:02]} {[%emt 00:01:52]} 21. Nbd4 {[%clk 00:37:15]} {[%emt 00:02:38]} Rac8
{[%clk 01:07:55]} {[%emt 00:02:12]} 22. Nxf5 {[%clk 00:35:31]} {[%emt
00:01:53]} Nxf5 {[%clk 01:03:33]} {[%emt 00:04:31]} 23. Rc1 {[%clk 00:34:19]}
{[%emt 00:01:22]} h5 {[%clk 00:49:02]} {[%emt 00:14:40]} 24. d4 {[%clk
00:26:02]} {[%emt 00:08:34]} Bf8 {[%clk 00:47:37]} {[%emt 00:01:29]} 25. Bb2
{[%clk 00:18:16]} {[%emt 00:07:59]} Bb4 {[%clk 00:44:08]} {[%emt 00:03:36]} 26.
Rhd1 {[%clk 00:17:02]} {[%emt 00:01:26]} 1/2-1/2